New-product forecasting : models and applications /

Bibliographic Details
Other Authors: Wind, Yoram, Mahajan, Vijay, Cardozo, Richard N.
Format: Book
Language:English
Published: Lexington, Mass. : Lexington Books, [1981]
Subjects:

MARC

Tag First Indicator Second Indicator Subfields
LEADER 00000pam a2200000 a 4500
001 in00000633921
005 20151015055125.0
008 801205s1981 maua b 00100 engm
010 |a  80008388  
020 |a 0669041025 
035 |a (OCoLC)07177219 
035 |9 ACV0326AM 
040 |a DLC  |c DLC  |d m.c.  |d TXA  |d UtOrBLW 
049 |a TXAM  |c [1671704] 
050 0 0 |a HF5415.153  |b .N48 
082 0 |a 658.5/75/0724 
245 0 0 |a New-product forecasting :  |b models and applications /  |c edited by Yoram Wind, Vijay Mahajan, Richard N. Cardozo. 
264 1 |a Lexington, Mass. :  |b Lexington Books,  |c [1981] 
264 4 |c ©1981 
300 |a x, 564 pages :  |b illustrations ;  |c 24 cm. 
336 |a text  |b txt  |2 rdacontent 
337 |a unmediated  |b n  |2 rdamedia 
338 |a volume  |b nc  |2 rdacarrier 
504 |a Includes bibliographies and index. 
650 0 |a New products  |x Mathematical models. 
650 0 |a Product management  |x Mathematical models. 
650 0 |a Sales forecasting  |x Mathematical models. 
700 1 |a Wind, Yoram. 
700 1 |a Mahajan, Vijay. 
700 1 |a Cardozo, Richard N. 
999 |a MARS 
999 f f |s 59cb1db4-0ea0-3986-b22e-7de4e36290ab  |i 52d1a399-bf8a-3327-9e0c-edd85c204ecd  |t 0 
952 f f |p ric  |a Texas A&M University  |b Rellis Campus  |c Joint Library Facility  |d Remote Storage  |t 0  |e HF5415.153 .N48  |h Library of Congress classification  |i unmediated -- volume  |m A14802792757 
998 f f |a HF5415.153 .N48  |t 0  |l Remote Storage